LIBRARY & INFORMATION CENTRE, KCAET, TAVANUR

ONLINE PUBLIC ACCESS CATALOGUE (OPAC)

Text book of practical physics, Part-2 / (Record no. 10141)

MARC details
000 -LEADER
fixed length control field 00525cam a2200217ua 4500
041 ## - LANGUAGE CODE
Language code of text/sound track or separate title eng
082 ## - DEWEY DECIMAL CLASSIFICATION NUMBER
Classification number 530
Item number OUS/TE
100 ## - MAIN ENTRY--AUTHOR NAME
Personal name Ouseph, C C.
245 ## - TITLE STATEMENT
Title Text book of practical physics, Part-2 /
260 ## - PUBLICATION, DISTRIBUTION, ETC. (IMPRINT)
Place of publication Chennai :
Name of publisher S.Viswanathan ,
Year of publication 1966.
300 ## - PHYSICAL DESCRIPTION
Number of Pages 291 ; .
700 1# - ADDED ENTRY--PERSONAL NAME
Personal name Devassey, C P.
700 1# - ADDED ENTRY--PERSONAL NAME
Personal name Thomas, S L.
942 ## - ADDED ENTRY ELEMENTS (KOHA)
Koha item type Books
Holdings
Withdrawn status Lost status Damaged status Home library Current library Date acquired Full call number Accession Number Koha item type
      KAUAET KAUAET 07/04/2012 530 OUS/TE 11572 Books
      KAUAET KAUAET 07/04/2012 530 OUS/TE 10733 Books
Withdrawn     KAUAET Sanskrit University 07/04/2012 530 OUS/TE 11573 Books
free website counter